fundamentals of Algorithms (Record no. 18361)
[ view plain ]
| 000 -LEADER | |
|---|---|
| fixed length control field | 00231nam a2200097Ia 4500 |
| 008 - FIXED-LENGTH DATA ELEMENTS--GENERAL INFORMATION | |
| fixed length control field | 170619s9999 xx 000 0 und d |
| 100 ## - MAIN ENTRY--PERSONAL NAME | |
| Personal name | Brassard Gilles |
| 245 #0 - TITLE STATEMENT | |
| Title | fundamentals of Algorithms |
| 260 ## - PUBLICATION, DISTRIBUTION, ETC. | |
| Name of publisher, distributor, etc. | New Delhi : PHI |
| 260 ## - PUBLICATION, DISTRIBUTION, ETC. | |
| Date of publication, distribution, etc. | 2006 |
| 546 ## - LANGUAGE NOTE | |
| Language note | ENGLISH |
| Withdrawn status | Lost status | Source of classification or shelving scheme | Damaged status | Not for loan | Home library | Current library | Date acquired | Source of acquisition | Total Checkouts | Barcode | Date last seen | Price effective from | Koha item type | Date last checked out |
|---|---|---|---|---|---|---|---|---|---|---|---|---|---|---|
| IIMT Engineering College-BTech | IIMT Engineering College-BTech | 09/06/2007 | 1 | 06-B-16517 | 07/03/2017 | 07/03/2017 | Text-Book- for 7 days | |||||||
| IIMT Engineering College-BTech | IIMT Engineering College-BTech | 09/06/2007 | 1 | 06-B-16518 | 07/03/2017 | 07/03/2017 | Text-Book- for 7 days | |||||||
| IIMT Engineering College-BTech | IIMT Engineering College-BTech | 11/01/2011 | 3 | 1 | 06-B-53332 | 09/18/2024 | 07/03/2017 | Text-Book- for 7 days | 09/18/2024 |

